The challenge of nationhood: a collection of speeches and writings; (Record no. 67)

MARC details
000 -LEADER
fixed length control field 00836cam a2200265 4500
001 - CONTROL NUMBER
control field 2193479
003 - CONTROL NUMBER IDENTIFIER
control field OSt
005 - DATE AND TIME OF LATEST TRANSACTION
control field 20230602104633.0
008 - FIXED-LENGTH DATA ELEMENTS--GENERAL INFORMATION
fixed length control field 700928s1970 enkcf 000 0 eng
010 ## - LIBRARY OF CONGRESS CONTROL NUMBER
LC control number 72507911
015 ## - NATIONAL BIBLIOGRAPHY NUMBER
National bibliography number B70-15835
020 ## - INTERNATIONAL STANDARD BOOK NUMBER
International Standard Book Number 0233960988
040 ## - CATALOGING SOURCE
Original cataloging agency DLC
Transcribing agency DLC
Modifying agency DLC
043 ## - GEOGRAPHIC AREA CODE
Geographic area code f------
-- f-ke---
082 00 - DEWEY DECIMAL CLASSIFICATION NUMBER
Classification number 309.167
Item number MBO
100 1# - MAIN ENTRY--PERSONAL NAME
Personal name Mboya, Tom.
245 14 - TITLE STATEMENT
Title The challenge of nationhood: a collection of speeches and writings;
Statement of responsibility, etc. foreword by H. E. Mzee Jomo Kenyatta; postscript by Mrs. Pamela Mboya.
260 ## - PUBLICATION, DISTRIBUTION, ETC. (IMPRINT)
Place of publication, distribution, etc. London,
Name of publisher, distributor, etc. Deutsch,
Date of publication, distribution, etc. 1970.
300 ## - PHYSICAL DESCRIPTION
Extent viii, 279 p., plate.
Other physical details port.
Dimensions 22 cm.
350 ## - PRICE (NR) (BK AM CF MU VM SE) [OBSOLETE]
Price 42/-
651 #0 - SUBJECT ADDED ENTRY--GEOGRAPHIC NAME
Geographic name Kenya
General subdivision Politics and government
Chronological subdivision 1963-1978.
651 #0 - SUBJECT ADDED ENTRY--GEOGRAPHIC NAME
Geographic name Africa
General subdivision Politics and government
Chronological subdivision 1960- .
906 ## - LOCAL DATA ELEMENT F, LDF (RLIN)
a 7
b cbc
c orignew
d 3
e ncip
f 19
g y-gencatlg
942 ## - ADDED ENTRY ELEMENTS (KOHA)
Source of classification or shelving scheme Dewey Decimal Classification
Koha item type Books
Holdings
Withdrawn status Lost status Source of classification or shelving scheme Damaged status Not for loan Home library Current library Date acquired Total Checkouts Full call number Barcode Date last seen Price effective from Koha item type
    Dewey Decimal Classification     Bunge Tower Library Bunge Tower Library 06/02/2023   309.167 MBO 100005 06/02/2023 06/02/2023 Books
LIBRARY OPENING HOURS

When the Parliament is sitting: 8.00a.m - 7.00p.m or until the house adjourns
Mondays and Fridays and when the House is on Recess:  8.00a.m - 5.00p.m
Closed on Weekends and Public Holidays

Online Public Access Catalog (OPAC)
Website: http://www.parliament.go.ke
Bunge Library: https://libraryir.parliament.go.ke
Contact: library@parliament.go.ke | Tel no: (254-2)2221291 or 2848000 Ext 5043